000 01018nas a2200289 4500
001 BR9201579
003 BR-BrBNA
005 20231205092423.0
007 ta
008 230509b bl.|||p| |||| 00| 00por d
040 _aBR-BrBNA
_bpor
_cBiblioteca Nacional de Agricultura
041 _a(Pt)
072 _aL73
100 1 _aResende, J.S. de
100 1 _aOliveira, R.L. de
100 1 _aJorge, M.A.
245 1 _aEfeito da idade na vacinacao contra a doenca de Newcastle de pinto de corte infectados com o virus da doenca de Gumboro
246 1 _aEffect of age on the vaccination against Newcastle disease in broiler chicks infected with Gumboro disease virus
650 _aPINTO DE CORTE
650 _aNEWCASTLE
650 _aDOENCA DE GUMBORO
650 _aVACINA
650 _aIMUNIZACAO
773 0 _tArquivo Brasileiro de Medicina Veterinaria e Zootecnia (Brazil)
_xISSN 0102-0935
_g(Oct 1990), v. 42(5) p. 353-362
_wBR9201579
909 _a202311
_bLúcia
_c55
_dLúcia Elande
942 _2AGRIS
_n0
_cANA
999 _c131590
_d131590